[Event "SLO-chT2 West"]
[Site "Komenda"]
[Date "2022.11.20"]
[Round "3.2"]
[White "Mencinger, Vojko"]
[Black "Rodman, Franc"]
[Result "1-0"]
[WhiteElo "2327"]
[BlackElo "2044"]
[PlyCount "37"]
[EventDate "2022.11.19"]
[EventType "team-tourn"]
[EventRounds "7"]
[EventCountry "SLO"]
[SourceTitle "EXT 2024"]
[Source "ChessBase"]
[SourceDate "2023.10.10"]
[SourceVersion "1"]
[SourceVersionDate "2023.10.10"]
[SourceQuality "1"]
[WhiteTeam "Gorenjka Lesce"]
[BlackTeam "Jesenice Acroni"]
[WhiteTeamCountry "SLO"]
[BlackTeamCountry "SLO"]

1. e4 e5 2. Nf3 Nc6 3. Bb5 Nf6 4. d3 Bc5 5. c3 d6 6. d4 exd4 7. cxd4 Bb4+ 8. Bd2 Bxd2+ 9. Nbxd2 Bd7 10. 0-0 0-0 11. Re1 Ne7 12. Bf1 Bc6 13. Rc1 d5 14. e5 Ne4 15. Bd3 Nxd2 16. Qxd2 h6 17. Nh4 Bd7 18. f4 g6 19. f5 1-0

[Event "SLO-chT2 West"]
[Site "Komenda"]
[Date "2022.11.20"]
[Round "4.2"]
[White "Prestrl, Jozef"]
[Black "Rodman, Franc"]
[Result "0-1"]
[WhiteElo "1838"]
[BlackElo "2044"]
[PlyCount "94"]
[EventDate "2022.11.19"]
[EventType "team-tourn"]
[EventRounds "7"]
[EventCountry "SLO"]
[SourceTitle "EXT 2024"]
[Source "ChessBase"]
[SourceDate "2023.10.10"]
[SourceVersion "1"]
[SourceVersionDate "2023.10.10"]
[SourceQuality "1"]
[WhiteTeam "Radovljica"]
[BlackTeam "Jesenice Acroni"]
[WhiteTeamCountry "SLO"]
[BlackTeamCountry "SLO"]

1. d4 Nf6 2. c4 c5 3. Nc3 cxd4 4. Qxd4 Nc6 5. Qd1 g6 6. e3 Bg7 7. Nf3 0-0 8. h3 d6 9. Be2 Bd7 10. 0-0 Rc8 11. Bd2 h6 12. Rc1 Be6 13. b3 Re8 14. Nd4 Bd7 15. Nxc6 bxc6 16. Bf3 c5 17. Ne4 Nxe4 18. Bxe4 Qb6 19. Rc2 Bc6 20. Qf3 Qb7 21. Bxc6 Qxc6 22. Qxc6 Rxc6 23. Bc3 Rb8 24. Bxg7 Kxg7 25. Rd1 a5 26. Rb2 a4 27. Rdb1 Rcb6 28. Kf1 d5 29. cxd5 c4 30. b4 a3 31. Rc2 Rxb4 32. Rbc1 Kf6 33. Ke2 Ke5 34. Rxc4 Rxc4 35. Rxc4 Rb2+ 36. Kf3 Kxd5 37. Rc7 Ke6 38. Ra7 Rxa2 39. h4 h5 40. g4 hxg4+ 41. Kxg4 Rxf2 42. Rxa3 Rf1 43. Ra5 f5+ 44. Kg5 Rg1+ 45. Kh6 Kf7 46. Ra4 Rg4 47. Rf4 e5 0-1

[Event "SLO-chT2 West"]
[Site "Komenda"]
[Date "2021.11.28"]
[Round "4.1"]
[White "Markun, Ozbej"]
[Black "Rodman, Franc"]
[Result "1/2-1/2"]
[WhiteElo "1929"]
[BlackElo "2046"]
[PlyCount "40"]
[EventDate "2021.11.27"]
[EventType "team-tourn"]
[EventRounds "7"]
[EventCountry "SLO"]
[SourceTitle "EXT 2024"]
[Source "ChessBase"]
[SourceDate "2023.10.10"]
[SourceVersion "1"]
[SourceVersionDate "2023.10.10"]
[SourceQuality "1"]
[WhiteTeam "Kranj Tomo Zupan II"]
[BlackTeam "Jesenice Acroni"]
[WhiteTeamCountry "SLO"]
[BlackTeamCountry "SLO"]

1. e4 e5 2. Nf3 Nc6 3. Bc4 Nf6 4. d3 Be7 5. 0-0 0-0 6. Re1 d6 7. a4 Be6 8. Nbd2 Bxc4 9. Nxc4 h6 10. c3 Re8 11. Qb3 Qc8 12. Bd2 Bf8 13. Ne3 Rb8 14. Rad1 a6 15. Qc2 Qe6 16. Nf5 Ne7 17. Ne3 Nc6 18. Nf5 Ne7 19. Ne3 Nc6 20. Nf5 Ne7 1/2-1/2

[Event "SLO-chT2 West"]
[Site "Komenda"]
[Date "2019.11.15"]
[Round "1.1"]
[White "Rodman, Franc"]
[Black "Olenik Campa, Rudi"]
[Result "1/2-1/2"]
[WhiteElo "2052"]
[BlackElo "1997"]
[PlyCount "80"]
[EventDate "2019.11.15"]
[EventType "team-tourn"]
[EventRounds "9"]
[EventCountry "SLO"]
[SourceTitle "EXT 2024"]
[Source "ChessBase"]
[SourceDate "2023.10.10"]
[SourceVersion "1"]
[SourceVersionDate "2023.10.10"]
[SourceQuality "1"]
[WhiteTeam "Jesenice Acroni"]
[BlackTeam "Domzale Tajfun II"]
[WhiteTeamCountry "SLO"]
[BlackTeamCountry "SLO"]

1. d4 Nf6 2. Nf3 g6 3. c4 Bg7 4. g3 d6 5. Bg2 0-0 6. 0-0 Nc6 7. Nc3 e5 8. d5 Ne7 9. c5 Ne8 10. cxd6 cxd6 11. e4 f5 12. Be3 Nf6 13. Ng5 Ng4 14. Bc1 f4 15. Bf3 h5 16. Ne6 Bxe6 17. dxe6 Nh6 18. Nd5 Nc6 19. Bg2 Re8 20. gxf4 Qh4 21. Qf3 exf4 22. Bxf4 Nd4 23. Qh3 Qxh3 24. Bxh3 Nxe6 25. Bxe6+ Rxe6 26. Bxh6 Bxh6 27. Nc7 Rae8 28. Nxe8 Rxe8 29. Rae1 Bf4 30. Kg2 Rc8 31. Re2 Kg7 32. h4 Kf6 33. Rd1 Ke6 34. Kf3 Be5 35. Rg1 Rf8+ 36. Ke3 Rf6 37. Rc2 Kd7 38. f3 Bf4+ 39. Kf2 a6 40. b3 Re6 1/2-1/2

[Event "SLO-chT1 West"]
[Site "Slovenia"]
[Date "2018.10.27"]
[Round "8.1"]
[White "Rodman, Franc"]
[Black "Janzelj, Tim"]
[Result "0-1"]
[WhiteElo "2057"]
[BlackElo "2413"]
[PlyCount "70"]
[EventDate "2018.09.28"]
[EventType "team-tourn"]
[EventRounds "9"]
[EventCountry "SLO"]
[SourceTitle "CBM 187 Extra"]
[Source "ChessBase"]
[SourceDate "2018.11.04"]
[SourceVersion "1"]
[SourceVersionDate "2018.11.04"]
[SourceQuality "1"]
[WhiteTeam "Jeenice Sij Acroni"]
[BlackTeam "Ig"]
[WhiteTeamCountry "SLO"]
[BlackTeamCountry "SLO"]

1. d4 Nf6 2. Nf3 e6 3. g3 d5 4. Bg2 Be7 5. 0-0 0-0 6. c4 dxc4 7. Nc3 c5 8. dxc5 Nbd7 9. c6 Nb6 10. Nd4 Nfd5 11. e4 Nb4 12. e5 N6d5 13. Qg4 Kh8 14. Nf3 bxc6 15. Ne4 Nd3 16. Qh5 Nxc1 17. Raxc1 Kg8 18. Rfd1 Ba6 19. a3 Rb8 20. Rd2 Rb3 21. Nd4 Rb6 22. Nf3 c5 23. h4 Qe8 24. Nc3 Nxc3 25. Rxc3 h6 26. Ne1 f5 27. Qxe8 Rxe8 28. f4 Rd8 29. Rcc2 Rd4 30. Bf1 Rb3 31. Kf2 Rxd2+ 32. Rxd2 c3 33. bxc3 Bxf1 34. Rd7 Kf8 35. Kxf1 Rxa3 0-1

[Event "SLO-chT2 West"]
[Site "Komenda"]
[Date "2017.11.12"]
[Round "4.1"]
[White "Hrescak, Ivana"]
[Black "Rodman, Franc"]
[Result "1-0"]
[WhiteElo "1923"]
[BlackElo "2062"]
[PlyCount "55"]
[EventDate "2017.11.11"]
[EventType "team-tourn"]
[EventRounds "7"]
[EventCountry "SLO"]
[SourceTitle "EXT 2019"]
[Source "ChessBase"]
[SourceDate "2018.10.10"]
[SourceVersion "1"]
[SourceVersionDate "2018.10.10"]
[SourceQuality "1"]
[WhiteTeam "Postojna"]
[BlackTeam "Jesenice"]
[WhiteTeamCountry "SLO"]
[BlackTeamCountry "SLO"]

1. d4 Nf6 2. c4 g6 3. Nc3 Bg7 4. e4 d6 5. f3 0-0 6. Be3 Nbd7 7. Nge2 c5 8. Qd2 cxd4 9. Nxd4 Ne5 10. Be2 Bd7 11. 0-0 a6 12. Rac1 Re8 13. Rfd1 Qa5 14. Nb3 Qd8 15. Nd5 Nxd5 16. cxd5 Bb5 17. Rc2 Qd7 18. Nd4 Bxe2 19. Qxe2 Rec8 20. Rdc1 Rxc2 21. Qxc2 Kf8 22. h3 Qd8 23. b3 Ke8 24. Ne2 Nd7 25. Qc7 Qxc7 26. Rxc7 b5 27. Bd4 Be5 28. Kf2 1-0

[Event "SLO-chT2 West"]
[Site "Komenda"]
[Date "2016.11.13"]
[Round "5.2"]
[White "Rodman, Franc"]
[Black "Buha, Drago"]
[Result "1/2-1/2"]
[WhiteElo "2078"]
[BlackElo "1964"]
[PlyCount "72"]
[EventDate "2016.11.11"]
[EventType "team-tourn"]
[EventRounds "9"]
[EventCountry "SLO"]
[SourceTitle "EXT 2019"]
[Source "ChessBase"]
[SourceDate "2018.10.10"]
[SourceVersion "1"]
[SourceVersionDate "2018.10.10"]
[SourceQuality "1"]
[WhiteTeam "Jesenice"]
[BlackTeam "Radovljica"]
[WhiteTeamCountry "SLO"]
[BlackTeamCountry "SLO"]

1. Nf3 d5 2. c4 c6 3. e3 Nf6 4. Nc3 e6 5. Qc2 Bd6 6. b3 Na6 7. Bb2 0-0 8. d4 Bb4 9. Bd3 Bd6 10. a3 h6 11. 0-0 Nc7 12. e4 dxe4 13. Nxe4 Nxe4 14. Bxe4 Ne8 15. Qe2 Bd7 16. Rfd1 Qc7 17. Bc2 Rd8 18. Ne5 Bc8 19. c5 Be7 20. b4 f5 21. Ng6 Rf7 22. Bb3 Rf6 23. Nxe7+ Qxe7 24. d5 Rg6 25. d6 Qg5 26. g3 Bd7 27. Be5 Nf6 28. Rd4 Ne4 29. f3 Nc3 30. Qf2 Nd5 31. f4 Qh5 32. Bd1 Qh3 33. Bf3 Re8 34. a4 h5 35. Bg2 Qg4 36. Ra3 Rh6 1/2-1/2

[Event "SLO-chT1 West"]
[Site "Ljubljana"]
[Date "2014.10.26"]
[Round "9.27"]
[White "Rodman, Franc"]
[Black "Marinc, Damir"]
[Result "0-1"]
[WhiteElo "2145"]
[BlackElo "2044"]
[PlyCount "70"]
[EventDate "2014.10.03"]
[EventType "team-tourn"]
[EventRounds "9"]
[EventCountry "SLO"]
[SourceTitle "EXT 2019"]
[Source "ChessBase"]
[SourceDate "2018.10.10"]
[SourceVersion "1"]
[SourceVersionDate "2018.10.10"]
[SourceQuality "1"]
[WhiteTeam "Jesenice"]
[BlackTeam "Kocevje"]
[WhiteTeamCountry "SLO"]
[BlackTeamCountry "SLO"]

1. Nf3 d5 2. g3 c6 3. Bg2 e6 4. 0-0 Nd7 5. b3 Ngf6 6. Bb2 Be7 7. c4 0-0 8. d3 Qa5 9. Qc2 dxc4 10. bxc4 Qh5 11. d4 c5 12. e3 Rb8 13. h3 b6 14. g4 Nxg4 15. hxg4 Qxg4 16. Nh2 Qh5 17. Nc3 f5 18. Qe2 Qh6 19. f4 g5 20. fxg5 Bxg5 21. Rf3 Nf6 22. Rh3 Qg6 23. Nf3 Ng4 24. Ne5 Nxe5 25. dxe5 a6 26. a4 Rf7 27. Kh1 Rg7 28. Bf3 Bb7 29. Rg1 h6 30. Bc1 Qf7 31. Bb2 Qc7 32. Nd1 Rd8 33. Nf2 Bxf3+ 34. Rxf3 Qc6 35. e4 Rd2 0-1

[Event "SLO-chT1 West"]
[Site "Ljubljana"]
[Date "2014.10.12"]
[Round "6"]
[White "Petek, Primoz"]
[Black "Rodman, Franc"]
[Result "1/2-1/2"]
[WhiteElo "2083"]
[BlackElo "2145"]
[PlyCount "71"]
[EventDate "2014.10.03"]
[EventType "team-tourn"]
[EventRounds "9"]
[EventCountry "SLO"]
[SourceTitle "EXT 2019"]
[Source "ChessBase"]
[SourceDate "2018.10.10"]
[SourceVersion "1"]
[SourceVersionDate "2018.10.10"]
[SourceQuality "1"]
[WhiteTeam "Gorenjka Lesce"]
[BlackTeam "Jesenice"]
[WhiteTeamCountry "SLO"]
[BlackTeamCountry "SLO"]

1. c4 e5 2. g3 Nc6 3. Bg2 Bc5 4. Nc3 Nf6 5. Nf3 0-0 6. 0-0 d6 7. d3 h6 8. Na4 Bb6 9. Nxb6 axb6 10. Bd2 Bf5 11. b4 e4 12. Ne1 Re8 13. Bc3 Ne5 14. h3 d5 15. f4 exf3 16. Nxf3 Nxf3+ 17. Rxf3 Be6 18. Bxf6 gxf6 19. c5 bxc5 20. bxc5 d4 21. Rf4 Qe7 22. Qc1 Kg7 23. Kh2 Ra5 24. Rxd4 Rxc5 25. Qd2 b6 26. Rf1 Rg5 27. Rdf4 Qd6 28. h4 Rg6 29. Bf3 Kh7 30. Qe3 Reg8 31. Rg1 f5 32. a4 c5 33. Bh5 R6g7 34. Qf2 Qe5 35. d4 cxd4 36. Qxd4 1/2-1/2

[Event "SLO-chT1 West"]
[Site "Ljubljana"]
[Date "2014.10.03"]
[Round "1"]
[White "Rodman, Franc"]
[Black "Plaskan, Jure"]
[Result "1/2-1/2"]
[WhiteElo "2145"]
[BlackElo "2203"]
[PlyCount "142"]
[EventDate "2014.10.03"]
[EventType "team-tourn"]
[EventRounds "9"]
[EventCountry "SLO"]
[SourceTitle "EXT 2019"]
[Source "ChessBase"]
[SourceDate "2018.10.10"]
[SourceVersion "1"]
[SourceVersionDate "2018.10.10"]
[SourceQuality "1"]
[WhiteTeam "Jesenice"]
[BlackTeam "Domzale"]
[WhiteTeamCountry "SLO"]
[BlackTeamCountry "SLO"]

1. d4 g6 2. c4 Bg7 3. Nf3 d6 4. g3 Nc6 5. Bg2 e5 6. dxe5 dxe5 7. Qxd8+ Nxd8 8. Nc3 c6 9. Nd2 Ne7 10. 0-0 0-0 11. Rb1 f5 12. b3 e4 13. Bb2 Ne6 14. Rfd1 Rb8 15. b4 b6 16. e3 Ba6 17. Bf1 g5 18. g4 c5 19. Nd5 Nxd5 20. cxd5 Bxf1 21. Nxf1 Bxb2 22. Rxb2 Ng7 23. bxc5 bxc5 24. Rxb8 Rxb8 25. Ng3 Kf7 26. gxf5 c4 27. Rc1 Kf6 28. Rxc4 Nxf5 29. Nxf5 Kxf5 30. Rd4 Rd8 31. d6 Rd7 32. Kg2 h5 33. Rd5+ Kf6 34. h4 gxh4 35. Rxh5 Ke6 36. Rxh4 Kf5 37. Rh5+ Ke6 38. Kg3 Rf7 39. Rh6+ Ke5 40. f4+ exf3 41. Kf2 Kd5 42. a3 Ke5 43. Rh4 Kxd6 44. Rf4 Rb7 45. Kxf3 Ke5 46. Ra4 Rf7+ 47. Ke2 Rd7 48. Rb4 Rd6 49. a4 Rd7 50. Rh4 Rd6 51. Kf3 Rf6+ 52. Rf4 Rc6 53. Re4+ Kf5 54. Rb4 Ra6 55. Rb5+ Ke6 56. a5 Rc6 57. Rh5 Rc7 58. e4 Rc1 59. Ke3 Ra1 60. Rd5 Ra3+ 61. Kf4 Ra1 62. Re5+ Kd6 63. Rh5 Re1 64. Rh6+ Kc5 65. Ke5 Kb4 66. a6 Rc1 67. Rg6 Rh1 68. Kd5 Rd1+ 69. Ke6 Re1 70. e5 Kc5 71. Kf6 Rh1 1/2-1/2

[Event "Latschach op 30th"]
[Site "Latschach"]
[Date "2014.08.15"]
[Round "8"]
[White "Kerschbaumer, Johannes"]
[Black "Rodman, Franc"]
[Result "1/2-1/2"]
[WhiteElo "2108"]
[BlackElo "2136"]
[PlyCount "59"]
[EventDate "2014.08.09"]
[EventType "swiss"]
[EventRounds "9"]
[EventCountry "AUT"]
[SourceTitle "CBM 161 Extra"]
[Source "ChessBase"]
[SourceDate "2014.08.29"]
[SourceVersion "1"]
[SourceVersionDate "2014.08.29"]
[SourceQuality "1"]

1. c4 Nf6 2. Nf3 g6 3. Nc3 Bg7 4. d4 0-0 5. e4 d6 6. h3 c5 7. Be3 cxd4 8. Nxd4 Nc6 9. Qd2 Bd7 10. Be2 Re8 11. 0-0 a6 12. Rad1 Nxd4 13. Bxd4 Bc6 14. Qe3 Nd7 15. Bxg7 Kxg7 16. Rd2 Qa5 17. Qg3 b5 18. b3 Rac8 19. Rfd1 Bb7 20. Bg4 Red8 21. Nd5 Bxd5 22. Rxd5 Nf6 23. Bxc8 Nxd5 24. Rxd5 Rxc8 25. e5 Qe1+ 26. Kh2 bxc4 27. bxc4 Rxc4 28. exd6 exd6 29. Rxd6 Ra4 30. a3 1/2-1/2

[Event "Latschach op 30th"]
[Site "Latschach"]
[Date "2014.08.12"]
[Round "5"]
[White "Malakhatko, Vadim"]
[Black "Rodman, Franc"]
[Result "1-0"]
[WhiteElo "2560"]
[BlackElo "2136"]
[PlyCount "51"]
[EventDate "2014.08.09"]
[EventType "swiss"]
[EventRounds "9"]
[EventCountry "AUT"]
[SourceTitle "CBM 161 Extra"]
[Source "ChessBase"]
[SourceDate "2014.08.29"]
[SourceVersion "1"]
[SourceVersionDate "2014.08.29"]
[SourceQuality "1"]

1. d4 Nf6 2. c4 c5 3. d5 b5 4. cxb5 a6 5. bxa6 Bxa6 6. Nc3 d6 7. g3 g6 8. Bg2 Bg7 9. Nf3 Nbd7 10. Rb1 Nb6 11. b3 Ra7 12. 0-0 0-0 13. Bb2 e6 14. dxe6 fxe6 15. a4 Re8 16. Re1 d5 17. Ne5 Rc7 18. Nb5 Bxb5 19. axb5 Rb7 20. Nc6 Qc8 21. Rc1 Nbd7 22. e4 Nxe4 23. Bxg7 Kxg7 24. Bxe4 dxe4 25. Rxe4 Rxb5 26. Na7 1-0

[Event "SLO-chT2 West"]
[Site "Ljubljana"]
[Date "2013.11.15"]
[Round "6.3"]
[White "Rodman, Franc"]
[Black "Kobe, Uros"]
[Result "1-0"]
[WhiteElo "2136"]
[BlackElo "2155"]
[PlyCount "77"]
[EventDate "2013.11.08"]
[EventType "team"]
[EventRounds "9"]
[EventCountry "SLO"]
[SourceTitle "EXT 2015"]
[Source "ChessBase"]
[SourceDate "2014.11.20"]
[SourceVersion "1"]
[SourceVersionDate "2014.11.20"]
[SourceQuality "1"]
[WhiteTeam "Jesenice"]
[BlackTeam "Stari Trg ob Kolpi"]
[WhiteTeamCountry "SLO"]
[BlackTeamCountry "SLO"]

1. Nf3 Nf6 2. g3 d5 3. Bg2 g6 4. d4 Bg7 5. c4 0-0 6. 0-0 dxc4 7. Na3 c3 8. bxc3 c5 9. e3 Nc6 10. Bb2 Bf5 11. Nc4 Qc7 12. Qe2 Rfd8 13. Rfd1 Rac8 14. Rac1 Be6 15. Ng5 Bg4 16. f3 Bd7 17. e4 b5 18. Ne3 h6 19. Nh3 e5 20. d5 Na5 21. c4 bxc4 22. d6 Qb7 23. Bxe5 Ba4 24. Rd2 Bb5 25. Rb1 Qa6 26. a4 Bxa4 27. Ra2 Nb3 28. Qxc4 Qc6 29. Qxa4 Qxa4 30. Rxa4 Nd4 31. Nc4 Ne8 32. Bxg7 Kxg7 33. Ra6 g5 34. Nf2 Rd7 35. Nd3 f6 36. Bh3 f5 37. Nde5 Ne2+ 38. Kf2 Nc3 39. Rc1 1-0

[Event "SLO-chT2 West"]
[Site "Ljubljana"]
[Date "2013.11.10"]
[Round "4.3"]
[White "Rodman, Franc"]
[Black "Kocevar, Tugomir"]
[Result "1/2-1/2"]
[WhiteElo "2136"]
[BlackElo "1993"]
[PlyCount "38"]
[EventDate "2013.11.08"]
[EventType "team"]
[EventRounds "9"]
[EventCountry "SLO"]
[SourceTitle "EXT 2015"]
[Source "ChessBase"]
[SourceDate "2014.11.20"]
[SourceVersion "1"]
[SourceVersionDate "2014.11.20"]
[SourceQuality "1"]
[WhiteTeam "Jesenice"]
[BlackTeam "Radovljica"]
[WhiteTeamCountry "SLO"]
[BlackTeamCountry "SLO"]

1. d4 d5 2. Nf3 Nf6 3. c4 e6 4. g3 b6 5. Bg2 Bb7 6. Nc3 Nbd7 7. Ne5 Bb4 8. Qa4 Bxc3+ 9. bxc3 0-0 10. Nxd7 Qxd7 11. Qxd7 Nxd7 12. 0-0 Rac8 13. cxd5 Bxd5 14. e4 Bc4 15. Rd1 Rfe8 16. Be3 Rcd8 17. Rd2 f6 18. Bf3 Kf8 19. Bd1 g6 1/2-1/2

[Event "SLO-chT2 West"]
[Site "Ljubljana"]
[Date "2013.11.09"]
[Round "3.3"]
[White "Jukan, Nesib"]
[Black "Rodman, Franc"]
[Result "1/2-1/2"]
[WhiteElo "1973"]
[BlackElo "2136"]
[PlyCount "114"]
[EventDate "2013.11.08"]
[EventType "team"]
[EventRounds "9"]
[EventCountry "SLO"]
[SourceTitle "EXT 2015"]
[Source "ChessBase"]
[SourceDate "2014.11.20"]
[SourceVersion "1"]
[SourceVersionDate "2014.11.20"]
[SourceQuality "1"]
[WhiteTeam "Trzin"]
[BlackTeam "Jesenice"]
[WhiteTeamCountry "SLO"]
[BlackTeamCountry "SLO"]

1. d4 Nf6 2. Bg5 c5 3. dxc5 e6 4. Nc3 Bxc5 5. e3 0-0 6. Bd3 d5 7. Nf3 Nc6 8. 0-0 Be7 9. Rc1 a6 10. a3 b5 11. Qd2 Bb7 12. Rfd1 Na5 13. Nd4 Rc8 14. Qe2 Qb6 15. Bf4 Nd7 16. Qg4 Rfd8 17. h4 Bf6 18. Bg5 Nc4 19. Bxc4 Rxc4 20. Qg3 Qc7 21. Qxc7 Rxc7 22. Bxf6 gxf6 23. Nce2 Rdc8 24. c3 Ne5 25. Rc2 Bc6 26. Nxc6 Rxc6 27. Nd4 Rc4 28. g3 Kf8 29. Kf1 Ke7 30. Ke2 f5 31. Nb3 Nd7 32. Rd4 Nb6 33. Rxc4 bxc4 34. Nd4 Na4 35. Kd2 Kf6 36. Kc1 h6 37. Rd2 Nc5 38. Re2 e5 39. Nf3 Ke6 40. Ne1 f6 41. Rc2 Rg8 42. Re2 h5 43. Nc2 a5 44. Ne1 Kd6 45. Nf3 Rg7 46. Ne1 Rg4 47. Nf3 f4 48. exf4 exf4 49. Nd4 fxg3 50. Nf5+ Kc6 51. fxg3 Re4 52. Kd2 Ne6 53. Rxe4 dxe4 54. Ke3 Kd5 55. Ne7+ Kd6 56. Nf5+ Ke5 57. Ne7 Kd6 1/2-1/2

[Event "SLO-chT2 West"]
[Site "Ljubljana"]
[Date "2013.11.09"]
[Round "2.3"]
[White "Rodman, Franc"]
[Black "Ursic, Mateja"]
[Result "1/2-1/2"]
[WhiteElo "2136"]
[BlackElo "2094"]
[PlyCount "68"]
[EventDate "2013.11.08"]
[EventType "team"]
[EventRounds "9"]
[EventCountry "SLO"]
[SourceTitle "EXT 2015"]
[Source "ChessBase"]
[SourceDate "2014.11.20"]
[SourceVersion "1"]
[SourceVersionDate "2014.11.20"]
[SourceQuality "1"]
[WhiteTeam "Jesenice"]
[BlackTeam "Hidria Tolmin"]
[WhiteTeamCountry "SLO"]
[BlackTeamCountry "SLO"]

1. d4 c5 2. d5 e5 3. e4 d6 4. Nc3 Nf6 5. h3 Be7 6. Bd3 0-0 7. Nge2 Ne8 8. 0-0 g6 9. Bh6 Ng7 10. Qd2 Nd7 11. a4 Kh8 12. g4 Nf6 13. Ng3 Ng8 14. Be3 a6 15. Kg2 f5 16. exf5 gxf5 17. gxf5 Nxf5 18. Nxf5 Bxf5 19. Bxf5 Rxf5 20. Ne4 Bh4 21. a5 Nf6 22. Ng3 Qg8 23. Kh2 Rf3 24. Rg1 Bxg3+ 25. Rxg3 Rxg3 26. fxg3 Ne4 27. Qg2 Qxd5 28. Qf3 Rg8 29. g4 Qc4 30. c3 Qd3 31. Re1 d5 32. Rd1 Qc2+ 33. Rd2 Nxd2 34. Qf6+ Rg7 1/2-1/2

[Event "SLO-chT2 West"]
[Site "Ljubljana"]
[Date "2012.10.21"]
[Round "5.1"]
[White "Oberc, Marjan"]
[Black "Rodman, Franc"]
[Result "1/2-1/2"]
[WhiteElo "2049"]
[BlackElo "2148"]
[PlyCount "38"]
[EventDate "2012.10.19"]
[EventType "team-tourn"]
[EventRounds "9"]
[EventCountry "SLO"]
[SourceTitle "EXT 2022"]
[Source "ChessBase"]
[SourceDate "2021.10.06"]
[SourceVersion "1"]
[SourceVersionDate "2021.10.06"]
[SourceQuality "1"]
[WhiteTeam "Trzin Buscotrade"]
[BlackTeam "Jesenice"]
[WhiteTeamCountry "SLO"]
[BlackTeamCountry "SLO"]

1. e4 e5 2. Nf3 Nc6 3. Bb5 Nf6 4. d4 Nxd4 5. Nxd4 c6 6. Bc4 exd4 7. Qxd4 Qb6 8. Qe5+ Be7 9. Be3 d6 10. Bxb6 dxe5 11. Bc7 Nxe4 12. Bxe5 0-0 13. Nc3 Bb4 14. a3 Re8 15. axb4 Rxe5 16. 0-0-0 Be6 17. Bxe6 Rxe6 18. Nxe4 Rxe4 19. Rd7 b6 1/2-1/2

[Event "Latschach op 27th"]
[Site "Latschach"]
[Date "2011.08.16"]
[Round "5"]
[White "Rotstein, Arkadij"]
[Black "Rodman, Franc"]
[Result "1-0"]
[WhiteElo "2529"]
[BlackElo "2143"]
[PlyCount "65"]
[EventDate "2011.08.13"]
[EventType "swiss"]
[EventRounds "9"]
[EventCountry "AUT"]
[SourceTitle "CBM 143 Extra"]
[Source "ChessBase"]
[SourceDate "2011.08.29"]
[SourceVersion "1"]
[SourceVersionDate "2011.08.29"]
[SourceQuality "1"]

1. e4 e5 2. Nf3 Nc6 3. Bc4 Nf6 4. d3 Be7 5. 0-0 0-0 6. Re1 d6 7. a4 Bg4 8. h3 Bh5 9. c3 Re8 10. Nbd2 d5 11. exd5 Nxd5 12. Nf1 a6 13. Ng3 Bg6 14. Nxe5 Nxe5 15. Rxe5 Nb6 16. Bf4 Qd7 17. Bb3 c6 18. d4 Nd5 19. Bxd5 cxd5 20. Qg4 Red8 21. Qxd7 Rxd7 22. Rae1 Bf8 23. a5 Rc8 24. Re8 Rdd8 25. Rxd8 Rxd8 26. Bc7 Rd7 27. Bb6 f6 28. Nf1 Bd6 29. Ne3 Bf4 30. Nf1 Kf7 31. Bc5 Bf5 32. f3 Rd8 33. Re7+ 1-0

[Event "SLO-chT1 West"]
[Site "Ljubljana"]
[Date "2010.10.17"]
[Round "9.1"]
[White "Rodman, Franc"]
[Black "Furlan, Miha"]
[Result "0-1"]
[WhiteElo "2200"]
[BlackElo "2331"]
[PlyCount "82"]
[EventDate "2010.09.24"]
[EventType "team-tourn"]
[EventRounds "9"]
[EventCountry "SLO"]
[SourceTitle "CBM 138 Extra"]
[Source "ChessBase"]
[SourceDate "2010.10.29"]
[SourceVersion "1"]
[SourceVersionDate "2010.10.29"]
[SourceQuality "1"]
[WhiteTeam "Jesenice"]
[BlackTeam "Trebnje BMP"]
[WhiteTeamCountry "SLO"]
[BlackTeamCountry "SLO"]

1. d4 e6 2. Nf3 f5 3. g3 Nf6 4. Bg2 d5 5. 0-0 Bd6 6. Bf4 Bxf4 7. gxf4 0-0 8. Ne5 Nbd7 9. Nd2 c6 10. e3 Qe7 11. c4 Kh8 12. c5 Rg8 13. Kh1 Nxe5 14. fxe5 Ng4 15. h3 Nh6 16. f4 g5 17. fxg5 Qxg5 18. Qe2 Bd7 19. Rf4 Rg7 20. Nf3 Qe7 21. Rg1 Rag8 22. Bf1 Be8 23. Rxg7 Qxg7 24. Qf2 Bh5 25. Be2 Nf7 26. Kh2 b6 27. cxb6 axb6 28. Rh4 Bxf3 29. Bxf3 c5 30. Qg2 Ng5 31. Bd1 c4 32. Rf4 Qe7 33. Qd2 Ne4 34. Qe1 b5 35. Rf1 b4 36. Rg1 Rxg1 37. Qxg1 Qh4 38. Bc2 Nd2 39. Bd1 c3 40. bxc3 bxc3 41. Kg2 Nc4 0-1

[Event "SLO-chT1 West"]
[Site "Ljubljana"]
[Date "2010.10.10"]
[Round "6.1"]
[White "Kersic, Matej"]
[Black "Rodman, Franc"]
[Result "1/2-1/2"]
[WhiteElo "2139"]
[BlackElo "2200"]
[PlyCount "99"]
[EventDate "2010.09.24"]
[EventType "team-tourn"]
[EventRounds "9"]
[EventCountry "SLO"]
[SourceTitle "CBM 138 Extra"]
[Source "ChessBase"]
[SourceDate "2010.10.29"]
[SourceVersion "1"]
[SourceVersionDate "2010.10.29"]
[SourceQuality "1"]
[WhiteTeam "Krajn Stari Mayr"]
[BlackTeam "Jesenice"]
[WhiteTeamCountry "SLO"]
[BlackTeamCountry "SLO"]

1. e4 e5 2. Nf3 Nc6 3. Bb5 Nf6 4. 0-0 Bc5 5. d3 d6 6. Be3 Bxe3 7. fxe3 0-0 8. c4 Ne7 9. Nc3 Ng6 10. Qd2 c6 11. Ba4 Be6 12. Ng5 Bd7 13. Bb3 Qe7 14. Rae1 h6 15. Nf3 Rad8 16. d4 Be6 17. d5 cxd5 18. exd5 Bf5 19. Bc2 Bxc2 20. Qxc2 Rc8 21. b3 a6 22. Qd2 Qc7 23. Rc1 Nd7 24. Kh1 Qa5 25. Ne4 Qc7 26. Qb4 Nc5 27. Nxc5 Qxc5 28. Qxc5 Rxc5 29. Nd2 Rc7 30. Ne4 Rd8 31. g4 Ne7 32. Rcd1 b6 33. Kg2 Ng6 34. Rf2 Nf8 35. Rdf1 Ng6 36. Kg3 f6 37. h4 Ne7 38. Rd1 Kf7 39. h5 Ke8 40. Nxf6+ gxf6 41. Rxf6 Ng8 42. Rg6 Kf8 43. g5 hxg5 44. Kg4 Rh7 45. Kxg5 Ne7 46. Rf1+ Ke8 47. Rgf6 Kd7 48. h6 Rg8+ 49. Kh5 Rg2 50. R1f2 1/2-1/2